000 00638nam a22002057a 4500
999 _c13300
_d13300
003 AR-CdUCM
008 190411b ||||| |||| 00| 0 spa d
040 _aMUNICIPALIDAD PROVINCIAL DEL CUSCO
_cBIBLIOTECA MUNICIPAL DEL CUSCO
082 _a344.07 /
_bP59 / 1939
100 _aPino, Raquel T. del
_931646
245 _aRetroactividad de la ley penal /
260 _aBuenos Aires :
_c1939.
300 _a38 páginas ;
_c22 cm.
505 _aContenido: Derecho penal.
650 _aDerecho penal
_95831
650 _aCiencias jurídicas
_915945
650 _aCiencias sociales
_91096
942 _2ddc
_cTESIS
945 _adavv
_d11/04/2019